| 000 | 00748nam a2200229 a 4500 | ||
|---|---|---|---|
| 005 | 20230602063652.0 | ||
| 008 | 991125s1985 mx 000 0 spa u | ||
| 020 | _a9682908620 | ||
| 035 | _aUPN01000010047 | ||
| 040 |
_aMX-MxUPN _bspa _cMX-MxUPN |
||
| 050 | 4 |
_aPQ7104 _bL5.7 no.7 |
|
| 100 | 1 |
_aBernal, Rafael, _d1915-1972 _934992 |
|
| 245 | 1 | 3 |
_aEl complot mongol / _cRafael Bernal. |
| 250 | _aPrimera edición | ||
| 260 |
_aMéxico : _bSecretaría de Educación Pública, Subsecretaría de Cultura : _bJoaquín Mortiz, _c1985. |
||
| 300 | _a243 páginas | ||
| 490 |
_aLecturas mexicanas. Segunda serie ; _v7 |
||
| 650 | 2 |
_aNovela policiaca y de misterio _98409 |
|
| 650 | 4 |
_aNovela mexicana _94557 |
|
| 905 | _aLibro | ||
| 942 |
_2lcc _cLIBRO |
||
| 999 |
_c10047 _d10047 |
||